| 000 | 01459nam a22002417a 4500 | ||
|---|---|---|---|
| 999 |
_c63737 _d63737 |
||
| 003 | Ge_BSU | ||
| 005 | 20251218154159.0 | ||
| 008 | 251218s2025 ge ||||| |||| 00| 0 geo d | ||
| 020 | _a9789941882777 | ||
| 041 | _ageo | ||
| 080 | _a351.74(479.22) ფ-97 | ||
| 100 |
_aფუტკარაძე, კახა _925852 |
||
| 245 |
_aეროვნული უსაფრთხოება: _bდაზვერვა და კონტრდაზვერვა / _cკახა ფუტკარაძე; რედ. მ. ბალახაძე, პ. გელაშვილი; დავით აღმაშენებლის სახელობის საქართველოს ეროვნული თავდაცვის აკადემია. |
||
| 264 |
_aთბილისი, _c2025. |
||
| 300 |
_a322 გვ. ; _b22 სმ. |
||
| 504 | _aბიბლიოგრ. გვ. 310-320 | ||
| 653 | _aდაზვერვა | ||
| 653 | _aეროვნული უსაფრთხოება | ||
| 700 |
_aბალახაძე, მ. _eრედაქტორი _926555 |
||
| 700 |
_aგელაშვილი, პ. _eრედაქტორი _926556 |
||
| 710 |
_aდავით აღმაშენებლის სახელობის საქართველოს ეროვნული თავდაცვის აკადემია. _926557 |
||
| 942 |
_2udc _cᲬᲘᲒᲜᲘ |
||